000 00427nam a2200181Ia 4500
008 230711s9999||||xx |||||||||||||| ||und||
020 _a978-81-219-1476-5
041 _aENG
082 _a530.41
_bPU-S
100 _aPuri, R.K
245 0 _aSolid State Physics
250 _aReprint Ed.
260 _c2022
_aNew Delhi
_bS.Chand & Company Ltd
300 _a311p.
650 _aPhysics
700 _aBabbar, V.K
942 _cBK
999 _c7010
_d7010